| 000 | 00413nam a2200181Ia 4500 | ||
|---|---|---|---|
| 008 | 230512s9999 xx 000 0 und d | ||
| 041 | _aeng | ||
| 082 | _a658.01 | ||
| 100 | _aWALLER J / ALLEN D / BURNS A | ||
| 245 | _aTHE T. Q. M. TOOLKIT | ||
| 250 | _a1 | ||
| 260 | _bKOGAN PAGE LANDON | ||
| 300 | _a263 | ||
| 365 | _b1230 | ||
| 500 | _aPaper Back | ||
| 520 | _aReference Copy | ||
| 650 | _aManagement | ||
| 999 |
_c398532 _d398532 |
||